La revolución mexicana ante el mundo /

Compilación de artículos relacionados con la historia de México durante la Revolución.

Guardado en:
Bibliografiske detaljer
Hovedforfatter: Meléndez, José T. (ed.)
Andre forfattere: Puente, Ramón (prólogo) (prólogo)
Format: Bog
Sprog:spansk
Fag:
Tags: Tilføj Tag
Ingen Tags, Vær først til at tagge denne postø!

MARC

LEADER 00000nam^a2200000^a^4500
001 000129760
005 20250521000000.0
009 20260310094923.945
037 |a Acervo ITESO - Biblioteca 
041 |a ESP 
082 |a 972. 061  |b MEL V. 1 
100 |a Meléndez, José T.  |e (ed.) 
245 1 3 |a La revolución mexicana ante el mundo /  |c E. de J.T. Meléndez ; pról. de R. Puente. 
264 |a México :  |b Talleres Gráficos de la Nación,  |c 1936 
300 |a 388 p. 
336 |a texto  |b txt  |2 rdacontenido 
337 |a sin mediación  |b n  |2 rdamedio 
338 |a volumen  |b nc  |2 rdasoporte 
520 |a Compilación de artículos relacionados con la historia de México durante la Revolución. 
649 |a XX 
650 |a Política -  |z México -  |x Historia -  |y Revolución, 1910-1917 
650 |a México -  |x Historia -  |y Revolución, 1910-1917 
650 |a México -  |x Historia -  |y 1910-1946 
650 |a México -  |x Historia -  |y Siglo XX 
700 |a Puente, Ramón  |e (prólogo) 
910 |a Fondo Salvador Reynoso Reynoso 
920 |a Impresos - Libros 
930 |a Fondos Especiales 
905 |a 112 
901 |a 0800011416  |b IT2  |c ESP  |u 20250521 
902 |a https://opac.biblio.iteso.mx/vufind/Record/000129760